000 00501nam a2200181Ia 4500
008 151018s9999 xx 000 0 und d
082 _bRBASDV20021
_a920
100 _aरणजीत देसाई
245 _aअभोगी
250 _b1
260 _bअजब प्रकाशन
_c1987
300 _a244
600 _aरणजीत देसाई
630 _aअभोगी
700 _aरणजीत देसाई
730 _aअभोगी
942 _cBOOK
999 _c1020648
_d1020645